| 000 | 00714nam a22002057a 4500 | ||
|---|---|---|---|
| 999 |
_c8074 _d8074 |
||
| 003 | AR-CdUCM | ||
| 008 | 190322b ||||| |||| 00| 0 spa d | ||
| 040 |
_aMUNICIPALIDAD PROVINCIAL DEL CUSCO _cBIBLIOTECA MUNICIPAL DEL CUSCO |
||
| 082 |
_a515 / _bC45 |
||
| 100 |
_aCerceau, Enrique _922796 |
||
| 245 | _aGeometría descriptiva y perspectiva / | ||
| 260 |
_aCórdoba : _bAssandri, _c1952. |
||
| 300 |
_a423 páginas ; _c23 cm. |
||
| 505 | _aContenido : Prólogo -- Capitulo I : La representación -- Capítulo II : Proyecciones acotados -- Capítulo III : Proyección central ... | ||
| 650 |
_aGeometría _919405 |
||
| 650 |
_aTrazos _922797 |
||
| 650 |
_aCiencia _92098 |
||
| 942 |
_2ddc _cLIBROS |
||
| 945 | _arah | ||